00861cam a2200253 a 4500999001900000001000800019003000500027005001700032008004100049010001700090020002200107040001800129050002500147082002000172100003200192245004300224250003100267260005000298300002100348856008500369906004500454942001200499952009600511 c329182d3291823576723Nust20170426111333.0990604r20001950nyu 000 1 eng  a 99035316  a0060953462 (pbk.) aDLCcDLCdDLC00aPR6023.E833bG7 200000a923.914 LES2211 aLessing, Doris,d1919-2013.14aThe Grass is Singing /cDoris Lessing. a1st Perennial Classics ed. aNew York :bPerennial Classics,c2000, c1950. a243 p. ;c21 cm.423Publisher descriptionuhttp://www.loc.gov/catdir/description/hc043/99035316.html a7bcbccorignewd1eocipf19gy-gencatlg 2ddccBK 00102ddc4070aNITbNITd2017-04-26l0o923.914 LESpNIT-8482r2017-04-26w2017-04-26yBK